El juez y la motivación en el derecho /

Obra donde se revisan los principios filosóficos y éticos que definen la figura del juez y el desarrollo de sus funciones, así como su compatibilidad con los presupuestos tradicionales definitorios de los planteamientos propios del positivismo jurídico.

Guardat en:
Dades bibliogràfiques
Autor principal: Asís Roig, Rafael de (autor)
Format: Llibre
Idioma:espanyol
Publicat: Madrid, España : Dykinson : Universidad Carlos III de Madrid, Instituto de Derechos Humanos Bartolomé de las Casas, 2005, c2005
Col·lecció:(Derechos Humanos y Filosofía del Derecho)
Matèries:
Etiquetes: Afegir etiqueta
Sense etiquetes, Sigues el primer a etiquetar aquest registre!

MARC

LEADER 00000nam^a2200000^a^4500
001 000183701
005 20250521000000.0
009 20260310102051.275
020 |a 84-9772-721-5 
037 |a Acervo ITESO - Biblioteca 
041 |a ESP 
082 |a 340. 112  |b ASI 
100 |a Asís Roig, Rafael de  |e (autor) 
245 1 3 |a El juez y la motivación en el derecho /  |c R. de Asís Roig. 
264 4 |a Madrid, España :  |b Dykinson :  |b Universidad Carlos III de Madrid, Instituto de Derechos Humanos Bartolomé de las Casas,  |c 2005, c2005 
300 |a 167 p. 
336 |a texto  |b txt  |2 rdacontenido 
337 |a sin mediación  |b n  |2 rdamedio 
338 |a volumen  |b nc  |2 rdasoporte 
440 1 |a (Derechos Humanos y Filosofía del Derecho) 
520 |a Obra donde se revisan los principios filosóficos y éticos que definen la figura del juez y el desarrollo de sus funciones, así como su compatibilidad con los presupuestos tradicionales definitorios de los planteamientos propios del positivismo jurídico. 
649 |a XX 
650 |a Jueces 
650 |a Etica Jurídica 
650 |a Etica Profesional 
650 |a Responsabilidad (Derecho) 
650 |a Poder Judicial 
650 |a Derecho y Etica 
650 |a Derecho -  |x Filosofía 
910 |a Fondo General 
920 |a Impresos - Libros 
930 |a Colección General 
905 |a 101 
901 |a 0500124207  |b IT1  |c ACC  |u 20250521 
902 |a https://opac.biblio.iteso.mx/vufind/Record/000183701